Military Virtual Telepresence Robot / (Record no. 595647)
[ view plain ]
| 000 -LEADER | |
|---|---|
| fixed length control field | 01409nam a22001817a 4500 |
| 003 - CONTROL NUMBER IDENTIFIER | |
| control field | NUST |
| 040 ## - CATALOGING SOURCE | |
| Original cataloging agency | 0 |
| 082 ## - DEWEY DECIMAL CLASSIFICATION NUMBER | |
| Classification number | 005.1,AKH |
| 100 ## - MAIN ENTRY--PERSONAL NAME | |
| Personal name | Akhtar, Zunair |
| 245 ## - TITLE STATEMENT | |
| Title | Military Virtual Telepresence Robot / |
| Remainder of title | Capt Zunair Akhtar, Capt Ammar Faroor, Capt Ehtasham Arshad, Capt Mujtaba Rind |
| 264 ## - PRODUCTION, PUBLICATION, DISTRIBUTION, MANUFACTURE, AND COPYRIGHT NOTICE | |
| Place of production, publication, distribution, manufacture | MCS, NUST |
| Name of producer, publisher, distributor, manufacturer | Rawalpindi |
| Date of production, publication, distribution, manufacture, or copyright notice | 2023 |
| 300 ## - PHYSICAL DESCRIPTION | |
| Extent | xii, 61 |
| 505 ## - FORMATTED CONTENTS NOTE | |
| Formatted contents note | This Virtual Telepresence Robot with a camera is placed in a remote location to capture the environment in visual form using Arduino UNO microcontroller. The captured visuals are displayed on the user’s virtual reality (VR) headset. An added feature allows the camera to move in the direction of the user’s head movements. This gives the user a real-time ex- perience as if he is present where the virtual telepresence robot is located. The virtual telepresence robot can also be moved in any direction through an app installed in the user’s smartphone.<br/>Virtual telepresence robot is a revolution in the robotics and IOT domain. The enhanced Virtual reality is the main objective of this project. IOTs, clouds and controller are the key constituents of the virtual telepresence robot. The data from the software is saved and transmitted by cloud storage platform known as IOT cloud. |
| 650 ## - SUBJECT ADDED ENTRY--TOPICAL TERM | |
| Topical term or geographic name entry element | UG BESE |
| 690 ## - LOCAL SUBJECT ADDED ENTRY--TOPICAL TERM (OCLC, RLIN) | |
| Topical term or geographic name as entry element | BESE-25 |
| 700 ## - ADDED ENTRY--PERSONAL NAME | |
| Personal name | Supervisor Wajahat Sultan |
| 942 ## - ADDED ENTRY ELEMENTS (KOHA) | |
| Source of classification or shelving scheme | |
| Koha item type | Project Report |
| Withdrawn status | Permanent Location | Current Location | Shelving location | Date acquired | Full call number | Barcode | Koha item type |
|---|---|---|---|---|---|---|---|
| Military College of Signals (MCS) | Military College of Signals (MCS) | General Stacks | 08/28/2023 | 005.1,AKH | MCSPCS-453 | Project Report |
